000 00441cam a2200193 4500
001 D6987
008 090401t1979 xxu||||| |||| 00| 0 eng d
035 _a(Sirsi) u4414
041 _aeng
050 _a333.3320212
100 _aMarshall, Philip
245 _aDonaldsons investment tables
250 _a2nd
260 _aLondon
_bDonaldson and Sons
_c1979
300 _ac50p. 22cm
350 _a0
942 _n0
948 _c04/03/1997
999 _c86025
_d86025